zpět

Detail výsledku týmu

Luna Club 07, Teplice

Datum a čas kvízu

29 Celkem bodů Celkový počet nahraných bodů na tomto kvízu bez doplňovacích otázek.
16. Pořadí na kvízu Konečné umístění týmu na tomto kvízu.

Zaznamenané odpovědi

# Otázka Odpověď Body Výsledky
1. Na kterém českém hradě skončil... na Karlštejně 1
2. Německý bulvární časopis Die A... s Michaelem Schumacherem 1
3. Který festival se konal v Tepl... Gastrofestival 1
4. Japonská společnost Sega oznám... Angry Birds 1
5. Minulý týden začal soudní proc... Roman Berbr, Plzeň 0.5
6. O slovanských bozích a mýtech... Vesna 0
7. Níže zobrazený český lékař a b... Jan Evangelista Purkyně, Živa 0.5
8. Na kresbě níže je zachycena mý... Kostěj 0
9. Seřaďte tyto slovanské svátky... 1B 2A 3D 4C 0
10. Za půl bodu uveďte název tohot... Lešij (Leshen, Lěsovik, Lasovik), Zaklínač 1